Gateway to teaching (Record no. 15229)

000 -LEADER
fixed length control field 00952cam a22002771 4500
001 - CONTROL NUMBER
control field 10319534
003 - CONTROL NUMBER IDENTIFIER
control field OSt
005 - DATE AND TIME OF LATEST TRANSACTION
control field 20180216092554.0
008 - FIXED-LENGTH DATA ELEMENTS--GENERAL INFORMATION
fixed length control field 720222s1963 iauak b 000 0 eng
010 ## - LIBRARY OF CONGRESS CONTROL NUMBER
LC control number 63021472
035 ## - SYSTEM CONTROL NUMBER
System control number (OCoLC)246111
040 ## - CATALOGING SOURCE
Original cataloging agency DLC
Transcribing agency ODaWU
Modifying agency OCoLC
-- DLC
042 ## - AUTHENTICATION CODE
Authentication code premarc
050 00 - LIBRARY OF CONGRESS CALL NUMBER
Classification number LB1775
Item number .M433
082 ## - DEWEY DECIMAL CLASSIFICATION NUMBER
Classification number 370.733
100 1# - MAIN ENTRY--PERSONAL NAME
Personal name Martin, R. Lee.
245 10 - TITLE STATEMENT
Title Gateway to teaching
Statement of responsibility, etc. [by] R. Lee Martin [and] Alvin M. Westcott. Illustrated by Alvin M. Westcott.
260 ## - PUBLICATION, DISTRIBUTION, ETC. (IMPRINT)
Place of publication, distribution, etc. Dubuque, Iowa,
Name of publisher, distributor, etc. W. C. Brown Co.
Date of publication, distribution, etc. [1963]
300 ## - PHYSICAL DESCRIPTION
Extent xiii, 305 p.
Other physical details illus., diagrs., forms, tables.
Dimensions 24 cm.
490 0# - SERIES STATEMENT
Series statement Brown education series
504 ## - BIBLIOGRAPHY, ETC. NOTE
Bibliography, etc Includes bibliographies. Bibliographical footnotes.
650 #0 - SUBJECT ADDED ENTRY--TOPICAL TERM
Topical term or geographic name as entry element Teaching.
700 1# - ADDED ENTRY--PERSONAL NAME
Personal name Westcott, Alvin M.,
Relator term joint author.
906 ## - LOCAL DATA ELEMENT F, LDF (RLIN)
a 7
b cbc
c oclcrpl
d u
e ncip
f 19
g y-gencatlg
942 ## - ADDED ENTRY ELEMENTS (KOHA)
Source of classification or shelving scheme
Koha item type Hard Covered Materials
Classification part LB 1775 .M37 1963
Holdings
Withdrawn status Lost status Source of classification or shelving scheme Damaged status Not for loan Home library Current library Shelving location Date acquired Source of acquisition Total Checkouts Full call number Barcode Date last seen Price effective from Koha item type
          MACHAKOS UNIVERSITY LIBRARY MACHAKOS UNIVERSITY LIBRARY Open shelf 27/10/2016 Donation(BFA)   LB 1775 .M37 1963 22248 16/02/2018 27/10/2016 Hard Covered Materials
© Machakos University Library, Along The Highway, Machakos Wote Rd, Machakos, Kenya P.O. Box 136 - 90100 Machakos - Kenya

Tel: ( +254 ) 723 805829 OR Fax : 044-20353 OR Email: library@mksu.ac.ke